Aritmética; para primer año del ciclo básico /
Guardado en:
| Autor Principal: | |
|---|---|
| Formato: | Libro |
| Publicado: |
Buenos Aires :
Kapelusz,
1957
|
| Edición: | 14a. ed. |
| Materias: | |
| Etiquetas: |
Agregar Etiqueta
Sin Etiquetas, Sea el primero en etiquetar este registro!
|
| LEADER | 00871nam a22001935a 4500 | ||
|---|---|---|---|
| 001 | CEM.cems005336 | ||
| 008 | 130507s1957##################000#0#####d | ||
| 005 | 20241210111817.0 | ||
| 245 | 1 | 0 | |a Aritmética; para primer año del ciclo básico / |
| 250 | |a 14a. ed. | ||
| 260 | |a Buenos Aires : |b Kapelusz, |c 1957 | ||
| 300 | |a 275 p. | ||
| 505 | 0 | |a Nociónes sobre teorias de conjuntos y estructuras algebraicas; Numeros naturales; Relaciónes de igualdad y desigualdad de numeros naturales; Operaciónes con numeros naturales; Potenciación y radicación; Divisibilidad; Numeros enteros; Operaciónes con numeros enteros; Numeros raciónales; Operaciónes con numeros raciónales; | |
| 100 | 1 | |a Repetto, Celina H. | |
| 082 | 0 | 4 | |a 511 |
| 653 | |a Aritmetica | ||
| 653 | |a Matematica | ||
| 653 | |a Matematica 1er. año | ||
| 859 | |a CEMS |b BIB. CEMS - 11 de abril |h 511 |i R299-2a14/I |p 6046.77 |t Ej.2 | ||
